Red-eyed tree frog / (Record no. 2203)

MARC details
000 -LEADER
fixed length control field 01059pam a2200301 a 4500
005 - DATE AND TIME OF LATEST TRANSACTION
control field 20250827092050.0
020 ## - INTERNATIONAL STANDARD BOOK NUMBER
International Standard Book Number 0590871757
020 ## - INTERNATIONAL STANDARD BOOK NUMBER
International Standard Book Number 0590871765
040 ## - CATALOGING SOURCE
Original cataloging agency DLC
Transcribing agency DLC
Modifying agency DLC
Language of cataloging eng
050 00 - LIBRARY OF CONGRESS CALL NUMBER
Classification number QL668.E24
Item number C685 1999
082 00 - DEWEY DECIMAL CLASSIFICATION NUMBER
Classification number 597.8/7
Edition number 21
100 1# - MAIN ENTRY--PERSONAL NAME
Personal name Cowley, Joy
245 10 - TITLE STATEMENT
Title Red-eyed tree frog /
Statement of responsibility, etc. story by Joy Cowley ; illustrated with photographs by Nic Bishop.
250 ## - EDITION STATEMENT
Edition statement First Scholastic paperback printing, March 2000
260 ## - PUBLICATION, DISTRIBUTION, ETC.
Place of publication, distribution, etc. New York :
Name of publisher, distributor, etc. Scholastic,
Date of publication, distribution, etc. 1999
300 ## - PHYSICAL DESCRIPTION
Extent 30 unnumbered pages :
Other physical details illustrations
Dimensions 21 x 26 cm.
505 ## - FORMATTED CONTENTS NOTE
Formatted contents note H
520 ## - SUMMARY, ETC.
Summary, etc. This frog found in the rain forest of Central America spends the night searching for food while also being careful not to become dinner for some other animal.
521 ## - TARGET AUDIENCE NOTE
Target audience note 490
Source Lexile
521 ## - TARGET AUDIENCE NOTE
Target audience note H
Source Raz-Plus
650 #0 - SUBJECT ADDED ENTRY--TOPICAL TERM
Topical term or geographic name entry element Hylidae
Geographic subdivision Central America
General subdivision Juvenile literature.
650 #1 - SUBJECT ADDED ENTRY--TOPICAL TERM
Topical term or geographic name entry element Tree frogs.
650 #1 - SUBJECT ADDED ENTRY--TOPICAL TERM
Topical term or geographic name entry element Frogs.
700 1# - ADDED ENTRY--PERSONAL NAME
Personal name Bishop, Nic
Dates associated with a name 1955-
Relator term illustrator
906 ## - LOCAL DATA ELEMENT F, LDF (RLIN)
a 7
b cbc
c orignew
d 1
e ocip
f 19
g y-gencatlg
942 ## - ADDED ENTRY ELEMENTS (KOHA)
Source of classification or shelving scheme Dewey Decimal Classification
Koha item type Books
Suppress in OPAC No
999 ## -
-- 2203
-- 2203
Holdings
Withdrawn status Lost status Source of classification or shelving scheme Damaged status Not for loan Collection Home library Current library Shelving location Date acquired Total Checkouts Full call number Barcode Date last seen Date last checked out Copy number Price effective from Koha item type
    Dewey Decimal Classification     Non-Fiction Footprints International School Library Network Toul Kork Campus Footprints International School Library Network Toul Kork Campus TK Primary Library Room(4th Floor), Bookcase 1&2, Shelves 1-16, Dark Blue Books 11/10/2023 4 COW 597.8/7 QL668.E24 FISTK02028 12/10/2025 12/03/2025 1 11/10/2023 Books
    Dewey Decimal Classification     Non-Fiction Footprints International School Library Network Toul Kork Campus Footprints International School Library Network Toul Kork Campus TK Primary Library Room(4th Floor), Bookcase 1&2, Shelves 1-16, Dark Blue Books 05/21/2024 3 COW 597.8/7 QL668.E24 FISBK02332 11/27/2025 11/20/2025 2 05/21/2024 Books
    Dewey Decimal Classification     Non-Fiction Footprints International School Library Network Toul Kork Campus Footprints International School Library Network Toul Kork Campus TK Primary Library Room(4th Floor), Bookcase 1&2, Shelves 1-16, Dark Blue Books 06/02/2025   COW 597.8/7 QL668.E24 FISTK03959 06/02/2025   3 06/02/2025 Books
    Dewey Decimal Classification     Non-Fiction Footprints International School Library Network Toul Tom Poung Campus Footprints International School Library Network Toul Tom Poung Campus TTP Primary Dark Blue Bookshelves 06/20/2025   COW 597.8/7 QL668.E24 FIS04703 06/20/2025   4 06/20/2025 Books
    Dewey Decimal Classification     Non-Fiction Footprints International School Library Network Toul Tom Poung Campus Footprints International School Library Network Toul Tom Poung Campus TTP Primary Dark Blue Bookshelves 06/20/2025   COW 597.8/7 QL668.E24 FIS02730 06/20/2025   5 06/20/2025 Books
    Dewey Decimal Classification     Non-Fiction Footprints International School Library Network Toul Tom Poung Campus Footprints International School Library Network Toul Tom Poung Campus TTP Primary Dark Blue Bookshelves 08/13/2025   COW 597.8/7 QL668.E24 FISBK02333 08/13/2025   6 08/13/2025 Books
    Dewey Decimal Classification     Non-Fiction Footprints International School Library Network Toul Tom Poung Campus Footprints International School Library Network Toul Tom Poung Campus TTP Primary Dark Blue Bookshelves 08/25/2025   COW 597.8/7 QL668.E24 FISBK02331 08/25/2025   7 08/25/2025 Books
    Dewey Decimal Classification     Non-Fiction Footprints International School Library Network Toul Tom Poung Campus Footprints International School Library Network Toul Tom Poung Campus TTP Primary Dark Blue Bookshelves 08/27/2025   COW 597.8/7 QL668.E24 FISTK03992 08/27/2025   8 08/27/2025 Books
    Dewey Decimal Classification     Non-Fiction Footprints International School Library Network Toul Tom Poung Campus Footprints International School Library Network Toul Tom Poung Campus TTP Primary Dark Blue Bookshelves 10/22/2025   COW 597.8/7 QL668.E24 FIS04668 10/22/2025   9 10/22/2025 Books